000
00329nam a22001457a 4500
008
221028b ||||| |||| 00| 0 eng d
020
_a
97832179854185177543
041
_a
eng
080
_2
ELVENTH EDITION
_a
579
082
_a
579 TOR
100
_a
17
101
_a
MICRO
245
_a
MICROBIOLOGY
_c
TORTORA
942
_2
udc
_c
BK
999
_c
58689
_d
58689